000 00386nam a2200121Ia 4500
008 171212s9999 xx 000 0 und d
020 _a9780833078650
100 _aMouton, Christopher A.
245 _cMouton, Christopher A.
_aMaximizing Throughput at Soft Airfields
260 _bRAND Corporation
_c2013
650 _aHistory
856 _uhttp://www.jstor.org/stable/10.7249/j.ctt5hhszc
999 _c352304
_d352304